000 00253nam a2200109Ia 4500
005 20251222143309.0
008 251222s9999||||xx |||||||||||||| ||spa||
082 _a262.91/P77
245 0 _aLa Iglesia Ante el Racismo
264 _bSalesiana
942 _cLIB
999 _c15656
_d15656